Tipos e aspectos do Brasil

Đã lưu trong:
Chi tiết về thư mục
Tác giả của công ty: Revista Brasileira de Geografia (Tác giả)
Định dạng: Sách
Ngôn ngữ:Tiếng Bồ Đào Nha
Được phát hành: Río de Janeiro IBGE 1966
Río de Janeiro Conselho Nacional de Geografia 1966
Phiên bản:8a. ed
Những chủ đề:
Các nhãn: Thêm thẻ
Không có thẻ, Là người đầu tiên thẻ bản ghi này!

MARC

LEADER 00000nam a2200000 a 4500
001 UCU1882
003 CL-VaPUC
008 960419e19660000bl |||||||||||||||||por|d
082 0 4 |a 390.09  |b REV  |2 21 
110 2 |a Revista Brasileira de Geografia  |e author  |9 357677 
245 1 0 |a Tipos e aspectos do Brasil 
250 |a 8a. ed 
300 |a 491 p 
942 |c BK 
945 |d 19960419 00:00:00  |a cmena 
260 |a Río de Janeiro  |b IBGE  |c 1966 
260 |a Río de Janeiro  |b Conselho Nacional de Geografia  |c 1966 
650 0 |a Costumbres y tradiciones   |9 268292 
650 0 |a Calidad de vida   |9 322944 
650 0 |a Geografía económica   |9 267757 
650 7 |a RECURSOS ECONOMICOS  |2 CL-VaPUC  |9 314744 
651 0 |a Brasil  |9 267393 
583 |a last modification  |c 20171017 05:40:53  |k Rodrigo Vera 
999 |c 246344  |d 246342 
952 |0 0  |1 0  |4 0  |6 390_090000000000000_REV_1966_1966  |7 0  |8 A  |9 261242  |a BIBING  |b BIBING  |d 2019-11-19  |i 2018055  |o 390.09 REV 1966 1966  |p 2018055  |r 2025-01-20  |w 2019-11-19  |y BK  |k GEO